| 000 | 00393nam a2200109Ia 4500 | ||
|---|---|---|---|
| 008 | 171204s9999 xx 000 0 und d | ||
| 245 | _aPositive Psychology and Change: How Leadership, Collaboration, and Appreciative Inquiry Create Transformational Results | ||
| 245 | _cSarah Lewis | ||
| 260 | _c2016 | ||
| 650 | _xINDUSTRIAL PSYCHOLOGY | ||
| 856 | _uhttp://down.ebook777.com/051/1118788842.pdf | ||
| 999 |
_c346447 _d346447 |
||